| 000 | 00622nam a2200229Ia 4500 | ||
|---|---|---|---|
| 003 | OSt | ||
| 005 | 20221007071429.0 | ||
| 006 | a|||||r|||| 00| 0 | ||
| 007 | ta | ||
| 008 | 221006b |||||||| |||| 00| 0 eng d | ||
| 024 | _a26,885 | ||
| 037 | _cTextual | ||
| 040 |
_aFLL _cFLL _beng |
||
| 041 |
_2eng _aeng |
||
| 082 | _aX:76:Z3y7, K3;1 | ||
| 100 |
_aJackson Edward _9688636 |
||
| 245 | 0 | _aLeading cases on the law of rating | |
| 260 |
_aLondon _bButterworths London _c1963 |
||
| 300 |
_axxv,1-341p _ccm. |
||
| 942 |
_hX:76:Z3y7, K3;1 _cTEXL _2CC |
||
| 999 |
_c1143322 _d1143322 |
||